|
|
|
|
| LEADER |
00000nab a2200000 a 4500 |
| 001 |
vtls000155883 |
| 003 |
SK-MaSNL |
| 005 |
20260429044728.0 |
| 008 |
250422c1983 xo 0 slo |
| 015 |
|
|
|a SNBRB19rr/mm-uuuuu
|
| 035 |
|
|
|a CL0165990
|
| 035 |
|
|
|a urn:nbn:sk:snk-ab6ni1
|
| 035 |
|
|
|a (uuid)a239465f-c333-4c21-a851-d4cfbc900189
|
| 035 |
|
|
|a (urnnbn)urn:nbn:sk:snk:ar-005na2
|
| 035 |
|
|
|a (sysno)vtls000155883
|
| 040 |
|
|
|a SNKBUCL
|b slo
|c SNKBUCL
|e AACR2
|
| 041 |
0 |
|
|a slo
|
| 044 |
|
|
|a xo
|c SK
|
| 080 |
|
|
|a 372.880.82:371.274/.276
|2 1981
|
| 080 |
|
|
|a 371.274/.276
|2 1981
|
| 100 |
1 |
|
|a Kollárová, Eva,
|d 1939-2025
|4 aut
|9 243891
|
| 245 |
1 |
0 |
|a Slovo do diskusie
|c Eva Kollárová
|
| 650 |
0 |
7 |
|a ruština
|2 snkbucl
|9 1346
|
| 655 |
|
7 |
|a články z novín a časopisov
|2 snkbucl
|9 267496
|
| 773 |
0 |
|
|t Ruštinár
|g Roč. 18, č. 6 (1983), s. 18-19
|
| 850 |
|
|
|a Slovenská národná knižnica
|
| 852 |
|
|
|a Slovenská národná knižnica
|
| 954 |
|
|
|a odborná, vedecká literatúra pôvodná (slovenská)
|2 lita
|
| 958 |
|
|
|a article27
|
| 958 |
|
|
|a RK
|
| 958 |
|
|
|a OND
|
| 958 |
|
|
|a EUIPO
|
| 992 |
|
|
|a RBX
|
| 999 |
|
|
|c 2734049
|d 2735979
|